| 000 | 00817nam a2200217Ia 4500 | ||
|---|---|---|---|
| 999 |
_c39898 _d39898 |
||
| 001 | 6503 | ||
| 003 | GE_BSU | ||
| 005 | 20191210165320.0 | ||
| 008 | 181216s1969||||g |||||||||||||| ||g || | ||
| 040 | _cGE_BSU | ||
| 041 | _ageo | ||
| 080 | _a821.353.1-1 გ-12 | ||
| 100 |
_aგაბუნია, დავით. _94282 |
||
| 245 |
_aიალქანი ქარში : _bლექსები / _cდავით გაბუნია ; რედ. მოსე გვასალია. |
||
| 264 |
_aსოხუმი ; _bალაშრა, _c1969. |
||
| 300 |
_a52 გვ. : _bფოტო ; _c17 სმ. |
||
| 653 | _aიალქანი ქარში | ||
| 653 | _aლექსები | ||
| 700 |
_aგვასალია, მოსე _eრედაქტორი _95773 |
||
| 942 |
_cBK _2udc |
||